000 01381cam a2200385 i 4500
001 52625
003 KOSZ 005
005 20211123145451.0
008 060621s2006 pl a |000 0 pol
015 _aPB 2006/15568
020 _a8386897317
020 _a9788386897315
040 _aWA N/PBmkr
_cKOSZ 005/HR
_dKOSZ 005/HR
046 _k2006
080 _a336.763(438)
080 _a347.731(438)
100 1 _aPoślad, Mariusz
_eAutor
245 1 0 _aAkcje i obligacje korporacyjne - oferta publiczna i rynek regulowany /
_cMariusz Poślad, Stanisław Thiel, Tomasz Zwoliński ; Komisja Papierów Wartościowych i Giełd.
250 _aStan prawny na dzień 1 marca 2006 roku.
260 _aWarszawa :
_bKomisja Papierów Wartościowych i Giełd,
_c2006.
300 _a[2], 257 s. :
_bil. ;
_c21 cm.
380 _aKsiążki
388 _a2001-
504 _aWykaz aktów prawnych s. 215-216.
648 _a2001-
650 4 _aAkcje (ekonomia)
650 4 _aEmisja papierów wartościowych
650 4 _aObligacje
651 _aPolska
658 _aGospodarka, ekonomia, finanse
700 1 _aThiel, Stanisław
_eAutor
700 1 _aZwoliński, Tomasz
_c(prawnik)
_eAutor
856 _uhttp://koha.tu.koszalin.pl/cgi-bin/koha/opac-detail.pl?biblionumber=52625
_yKatalog online BPK
942 _2UKD
_cKS
999 _c52625
_d52625